Statistics for Marvel

Click here to take the quiz!

General Stats

  • This quiz has been taken 38 times
  • The average score is 13 of 15

Answer Stats

ActorCharacter% Correct
Chris EvansCaptain America
100%
Robert Downey JrIron Man
100%
Chris HemsworthThor
100%
Benedict CumberbatchDoctor Strange
94%
Mark RuffaloHulk
94%
Scarlett JohanssonBlack Widow
90%
Brie LarsonCaptain Marvel
87%
Chadwick BosemanBlack Panther
84%
Jeremy RennerHawkeye
84%
Paul RuddAnt-Man
81%
Samuel L. JacksonNick Fury
77%
Chris PrattStar-Lord
74%
Josh BrolinThanos
71%
Gwyneth PaltrowPepper Potts
68%
Don CheadleWar Machine
61%

Score Distribution

Percentile by Number Answered

Percent of People with Each Score

Your Score History

You have not taken this quiz